| 000 | 00671nas a2200241 4500 | ||
|---|---|---|---|
| 001 | BR0701768 | ||
| 003 | BR-BrBNA | ||
| 005 | 20231205110715.0 | ||
| 007 | ta | ||
| 008 | 230509b bl.|||p| |||| 00| 00por d | ||
| 040 |
_aBR-BrBNA _bpor _cBiblioteca Nacional de Agricultura |
||
| 041 | _a(Pt) | ||
| 072 | _aD50; E11 | ||
| 100 | 1 | _aGermani, L.A. | |
| 245 | 1 | _aEstatuto da terra | |
| 650 | _aREFORMA AGRÁRIA | ||
| 650 | _aLEGISLAÇÃO | ||
| 650 | _aESTRUTURA AGRÁRIA | ||
| 650 | _aARRENDAMENTO RURAL | ||
| 773 | 0 |
_tAgroanalysis (Brazil) _xISSN 0100-4298 _g(Feb 2007), v. 27(2) p. 48 _wBR0701768 |
|
| 909 |
_a202311 _bLúcia _c55 _dLúcia Elande |
||
| 942 |
_2AGRIS _n0 _cANA |
||
| 999 |
_c188664 _d188664 |
||